| 000 | 00741nam a2200229Ii 4500 | ||
|---|---|---|---|
| 003 | JO-AjNU | ||
| 005 | 20240709075341.0 | ||
| 008 | 230605s9999||||xx |||||||||||||| ||und|| | ||
| 040 |
_aJO-AjNU _bara _erda _cJO-AjNU |
||
| 041 | _aara | ||
| 050 | 1 | 4 | _aDT199.I934 1983 |
| 100 | 3 |
_aتاليف موسى، عز الدين عمر احمد, _eauthor _917751 |
|
| 245 | 0 | 0 | _aدراسات في تاريخ المغرب الإسلامي |
| 250 | _aط1 | ||
| 264 | 3 | 1 | _aبيروت: دار الشروق، 1983 |
| 300 | _a122ص | ||
| 336 |
_atext _btxt _2rdacontent |
||
| 337 |
_aunmediated _bn _2rdamedia |
||
| 338 |
_avolume _bnc _2rdacarrier |
||
| 650 | 4 |
_aالتاريخ الاسلامي-المغرب العربي-تاريخ _917752 |
|
| 942 |
_2lcc _cBK |
||
| 999 |
_c9118 _d9118 |
||